000 00529cam a2200145 4500500
005 20260405002354.0
041 _afre
042 _adc
100 1 0 _aSkoric, Arthur
_eauthor
245 0 0 _aMichel Biard Histoire politique du Panthéon De 1791 à nos jours. Presses universitaires de France, 2025, 392 pages, 23 €.
260 _c2026.
500 _a21
786 0 _nÉtudes | - | 4 | 2026-03-31 | p. 128-128 | 0014-1941
856 4 1 _uhttps://shs.cairn.info/revue-etudes-2026-4-page-128?lang=fr&redirect-ssocas=7080
999 _c2057111
_d2057111